LEADER 03880oam 2200601I 450 001 9910132297803321 005 20220214143438.0 010 $a9781118938393 010 $a1-118-93839-9 010 $a1-118-99372-1 010 $a1-118-93840-2 035 $a(CKB)3710000000331937 035 $a(EBL)1895773 035 $a(MiAaPQ)EBC1895773 035 $a(DLC) 2014042432 035 $a(Au-PeEL)EBL1895773 035 $a(CaPaEBR)ebr11004201 035 $a(CaONFJC)MIL692346 035 $a(OCoLC)893974531 035 $a(PPN)20436647X 035 $a(EXLCZ)993710000000331937 100 $a20150123h20152015 uy 0 101 0 $aeng 135 $aurcnu|||uuuuu 181 $ctxt$2rdacontent 182 $cc$2rdamedia 183 $acr$2rdacarrier 200 00$aAtlas of Operative Oral and Maxillofacial Surgery /$fedited by Christopher J. Haggerty, Robert M.Laughlin ; contributors, Stephen G. Alfano [and eighty others] 210 1$aAmes, Iowa :$cWiley Blackwell,$d2015. 210 4$d©2015 215 $a1 online resource (xviii, 550 pages) $cillustrations (chiefly color) 300 $aDescription based upon print version of record. 311 1 $a1-322-61064-9 311 1 $a1-118-44234-2 320 $aIncludes bibliographical references at the end of each chapters and index. 327 $aPart One Dentoalveolar and Implant Surgery -- Part Two Odontogenic Head and Neck Infections -- Part Three Maxillofacial Trauma Surgery -- Part Four Orthognathic and Craniofacial Surgery -- Part Five Temporomandibular Joint Surgery -- Part Six Facial Cosmetic Surgery -- Part Seven Pathology and Reconstructive Surgery 330 $aAtlas of Operative Oral and Maxillofacial Surgery is an innovative, multidisciplinary, contemporary surgical atlas covering core aspects of oral and maxillofacial surgery, head and neck reconstructive surgery and facial cosmetic surgery. The text is constructed as a procedure-based surgical atlas with special emphasis placed on depicting surgical techniques with high-resolution color illustrations and images. Chapters are written by experts in their field and are designed to provide high-yield information pertaining to procedure indications, contraindications, pertinent anatomy, techniques, post-operative management, complications and key points. Each chapter concludes with a detailed photographic case report illustrating pertinent procedure specifics such as locations for incisions, anatomical planes of dissection, key steps in the procedure, radiographs findings and pre- and postoperative photographs. Procedures are organized by sections to include: dentoalveolar and implant surgery, odontogenic head and neck infections, maxillofacial trauma surgery, orthognathic and craniofacial surgery, tempomandibular joint surgery, infections of the head and neck, facial cosmetic surgery, and pathology and reconstructive surgery. The combination of concise text, more than 1,000 color clinical illustrations and images, and case reports makes the Atlas of Operative Oral and Maxillofacial Surgery a key reference to all oral and maxillofacial surgeons, head and neck surgeons, and facial plastic surgeons and will serve as a foundation for residency training, board certification and the recently implemented recertification examinations. 606 $aMouth$xSurgery$vAtlases 606 $aMaxilla$xSurgery$vAtlases 606 $aFace$xSurgery$vAtlases 615 0$aMouth$xSurgery 615 0$aMaxilla$xSurgery 615 0$aFace$xSurgery 676 $a617.522059 702 $aHaggerty$b Christopher J. 702 $aLaughlin$b Robert M$g(Robert Minard),$f1969- 702 $aAlfano$b Stephen G. 801 0$bMiAaPQ 801 1$bMiAaPQ 801 2$bMiAaPQ 912 $a9910132297803321 996 $aAtlas of Operative Oral and Maxillofacial Surgery$91973308 997 $aUNINA LEADER 01313nam 2200421 450 001 9910798370503321 005 20230807211754.0 010 $a80-246-3312-4 035 $a(CKB)3710000000686117 035 $a(EBL)4543691 035 $a(MiAaPQ)EBC4543691 035 $a(Au-PeEL)EBL4543691 035 $a(CaPaEBR)ebr11232046 035 $a(OCoLC)953658697 035 $a(EXLCZ)993710000000686117 100 $a20160725h20152015 uy 0 101 0 $acze 135 $aur|n|---||||| 181 $2rdacontent 182 $2rdamedia 183 $2rdacarrier 200 10$aAnaly?za restitucnich procesu v ceske? republice $eRestituce a ostatni? procesy transformuji?ci? vlastnicka? pra?va /$fKarel Zeman 210 1$aPraze, [Czech Republic] :$cKarolium,$d2015. 210 4$d©2015 215 $a1 online resource (186 p.) 300 $aDescription based upon print version of record. 311 $a80-246-2954-2 320 $aIncludes bibliographical references. 607 $aCzech Republic$xEconomic conditions 676 $a330.9437105 700 $aZeman$b Karel$01560933 801 0$bMiAaPQ 801 1$bMiAaPQ 801 2$bMiAaPQ 906 $aBOOK 912 $a9910798370503321 996 $aAnaly?za restitucnich procesu v ceske? republice$93827254 997 $aUNINA LEADER 04146oam 2200673 c 450 001 996234841003316 005 20240405185742.0 010 $a3-8394-3189-1 024 7 $a10.14361/9783839431894 035 $a(CKB)3710000000520065 035 $a(EBL)4712078 035 $a(MiAaPQ)EBC4712078 035 $a(DE-B1597)461571 035 $a(OCoLC)1013965188 035 $a(OCoLC)952806428 035 $a(DE-B1597)9783839431894 035 $a(transcript Verlag)9783839431894 035 $a(EXLCZ)993710000000520065 100 $a20220221d2015 uy 0 101 0 $ager 135 $aur|n|---||||| 181 $2rdacontent 182 $2rdamedia 183 $2rdacarrier 200 10$aVom Imagina?ren zur Autonomie$eGrundlagen der politischen Philosophie von Cornelius Castoriadis$fNicola Condoleo 205 $a1st ed. 210 $aBielefeld$ctranscript Verlag$d2015 215 $a1 online resource (199 p.) 225 0 $aEdition Moderne Postmoderne 300 $aDescription based upon print version of record. 311 $a3-8376-3189-3 320 $aIncludes bibliographical references. 327 $aFrontmatter 1 Inhalt 5 Danksagung 7 Einleitung 9 1. Staatliches Gewaltmonopol 15 2. Imagina?res 55 3. Entfremdung - Autonomie 113 4. Anerkennung 147 5. Abschweifung: Gemeinsinn 171 6. Schluss 183 Literaturverzeichnis 189 Backmatter 196 330 $aWas ha?lt die Gesellschaft wie unsichtbarer Zement zusammen? Cornelius Castoriadis' (1922-1997) Begriff des »Imagina?ren« gibt eine differenzierte Antwort. Nicola Condoleos Untersuchung kla?rt systematisch die mit dem Imagina?ren verbundenen Kernbegriffe wie Entfremdung, Autonomie und Anerkennung, die bisher zu wenig Beachtung fanden. Das staatliche Gewaltmonopol wird von verschiedenen Seiten beschrieben und analysiert, um den imagina?ren Anteil in dieser Diskussion beispielhaft zu erla?utern. Die Studie denkt nicht nur grundlegende Aspekte der Sozialtheorie neu, sondern kann auch als Einfu?hrung in die Philosophie von Castoriadis gelesen werden. 330 1 $a»Ein erfrischend selbststa?ndiges Buch.« Harald Wolf, kultuRRevolution, 71 (2016) »Es ist zu hoffen, dass mit Condoleos [...] verdienstvollen Studie nun der Auftakt zu einer breiteren Diskussion der Argumente Castoriadis gemacht ist.« Simon Herzhoff, Zeitschrift fu?r philosophische Literatur 4/1 (2016) Besprochen in: Portal fu?r Politikwissenschaft, 04.05.2016, Andreas Schindel Pha?menologie, 47 (2017), Martin W. Schnell 410 0$aEdition Moderne Postmoderne. 606 $aImagina?res; Institution; Autonomie; Entfremdung; Anerkennung; Cornelius Castoriadis; Axel Honneth; Gewaltmonopol; Politik; Gesellschaft; Politische Philosophie; Franzo?sische Philosophiegeschichte; Sozialphilosophie; Philosophie; Imagination; Autonomy; Alienation; Politics of Acknowledgment; Monopoly on Violence; Politics; Society; Political Philosophy; French History of Philosophy; Social Philosophy; Philosophy; 610 $aAlienation. 610 $aAutonomy. 610 $aAxel Honneth. 610 $aCornelius Castoriadis. 610 $aFrench History of Philosophy. 610 $aInstitution. 610 $aMonopoly on Violence. 610 $aPhilosophy. 610 $aPolitical Philosophy. 610 $aPolitics of Acknowledgment. 610 $aPolitics. 610 $aSocial Philosophy. 610 $aSociety. 615 4$aImagina?res; Institution; Autonomie; Entfremdung; Anerkennung; Cornelius Castoriadis; Axel Honneth; Gewaltmonopol; Politik; Gesellschaft; Politische Philosophie; Franzo?sische Philosophiegeschichte; Sozialphilosophie; Philosophie; Imagination; Autonomy; Alienation; Politics of Acknowledgment; Monopoly on Violence; Politics; Society; Political Philosophy; French History of Philosophy; Social Philosophy; Philosophy; 676 $a194 700 $aCondoleo$b Nicola$f1978-$4aut$01020999 801 0$bDE-B1597 801 1$bDE-B1597 906 $aBOOK 912 $a996234841003316 996 $aVom Imaginären zur Autonomie$92417709 997 $aUNISA